Broadband fixed wireless access :a system perspective (Record no. 12002)
[ view plain ]
| 000 -LEADER | |
|---|---|
| fixed length control field | 01327cam a22003497a 4500 |
| 001 - CONTROL NUMBER | |
| control field | 14347753 |
| 005 - DATE AND TIME OF LATEST TRANSACTION | |
| control field | 20170105102353.0 |
| 008 - FIXED-LENGTH DATA ELEMENTS--GENERAL INFORMATION | |
| fixed length control field | 060420s2006 nyua b 001 0 eng d |
| 010 ## - LIBRARY OF CONGRESS CONTROL NUMBER | |
| LC control number | 2006926213 |
| 020 ## - INTERNATIONAL STANDARD BOOK NUMBER | |
| International Standard Book Number | 0387339566 |
| 020 ## - INTERNATIONAL STANDARD BOOK NUMBER | |
| International Standard Book Number | 9780387339566 |
| 035 ## - SYSTEM CONTROL NUMBER | |
| System control number | (OCoLC)ocm71843743 |
| 035 ## - SYSTEM CONTROL NUMBER | |
| System control number | (OCoLC)71843743 |
| 040 ## - CATALOGING SOURCE | |
| Original cataloging agency | VYR |
| Transcribing agency | VYR |
| Modifying agency | YDXCP |
| -- | OHX |
| -- | OCLCQ |
| -- | IXA |
| -- | BAKER |
| -- | UAB |
| -- | DLC |
| 042 ## - AUTHENTICATION CODE | |
| Authentication code | lccopycat |
| 050 00 - LIBRARY OF CONGRESS CALL NUMBER | |
| Classification number | TK5103.2 |
| Item number | .E57 2006 |
| 100 1# - MAIN ENTRY--PERSONAL NAME | |
| Personal name | Engels, Marc, |
| Dates associated with a name | 1965- |
| 245 10 - TITLE STATEMENT | |
| Title | Broadband fixed wireless access :a system perspective |
| Remainder of title | a system perspective |
| Statement of responsibility, etc. | Marc Engels, Frederik Petré. |
| 260 ## - PUBLICATION, DISTRIBUTION, ETC. | |
| Place of publication, distribution, etc. | New York : |
| Name of publisher, distributor, etc. | Springer, |
| Date of publication, distribution, etc. | c2006. |
| 300 ## - PHYSICAL DESCRIPTION | |
| Extent | xviii, 211 p. : |
| Other physical details | ill. ; |
| Dimensions | 25 cm. |
| 440 #0 - SERIES STATEMENT/ADDED ENTRY--TITLE | |
| Title | Signals and communication technology |
| 504 ## - BIBLIOGRAPHY, ETC. NOTE | |
| Bibliography, etc. note | Includes bibliographical references and index. |
| 650 #0 - SUBJECT ADDED ENTRY--TOPICAL TERM | |
| Topical term or geographic name entry element | Wireless communication systems. |
| 650 #0 - SUBJECT ADDED ENTRY--TOPICAL TERM | |
| Topical term or geographic name entry element | Broadband communication systems. |
| 700 1# - ADDED ENTRY--PERSONAL NAME | |
| Personal name | Petré, Frederik. |
| 856 41 - ELECTRONIC LOCATION AND ACCESS | |
| Materials specified | Table of contents only |
| Uniform Resource Identifier | <a href="http://www.loc.gov/catdir/toc/fy0708/2006926213.html">http://www.loc.gov/catdir/toc/fy0708/2006926213.html</a> |
| 856 42 - ELECTRONIC LOCATION AND ACCESS | |
| Materials specified | Publisher description |
| Uniform Resource Identifier | <a href="http://www.loc.gov/catdir/enhancements/fy0824/2006926213-d.html">http://www.loc.gov/catdir/enhancements/fy0824/2006926213-d.html</a> |
| 906 ## - LOCAL DATA ELEMENT F, LDF (RLIN) | |
| a | 7 |
| b | cbc |
| c | copycat |
| d | 2 |
| e | ncip |
| f | 20 |
| g | y-gencatlg |
| 942 ## - ADDED ENTRY ELEMENTS (KOHA) | |
| Source of classification or shelving scheme | |
| Koha item type | Book |
| Withdrawn status | Lost status | Damaged status | Not for loan | Collection code | Permanent Location | Current Location | Shelving location | Date acquired | Source of acquisition | Cost, normal purchase price | Total Checkouts | Full call number | Barcode | Date last seen | Price effective from | Koha item type |
|---|---|---|---|---|---|---|---|---|---|---|---|---|---|---|---|---|
| Central Library (CL) | Central Library (CL) | General Stacks | 07/03/2013 | A&J Def Tek Consultants | 9080.90 | 621.382 ENG | SEECS012446 | 07/10/2013 | 01/05/2017 | Book |
